Wards of Hiroshima Japan - Map Quiz - Statistics

General Stats
  • This quiz has been taken 51 times
  • The average score is 6 of 8
Answers on the Map
Answers color-coded by a green-red scale on the quiz's map according to % correct below.
 
Answer Stats
Ward % Correct
Nishi
93%
Higashi
89%
Minami
82%
Naka
82%
Asa-Minami
68%
Asa-Kita
61%
Saeki
54%
Aki
50%
No matching quizzes found
Score Distribution
Percent of People with Each Score
Percentile by Number Answered
Your Score History
You have not taken this quiz